El océano Pacífico: navegantes españoles del siglo XVI

Gespeichert in:
Bibliographische Detailangaben
1. Verfasser: Prieto, Carlos (VerfasserIn)
Format: Buch
Sprache:Spanisch
Veröffentlicht: Madrid Alianza 1984
Ausgabe:2a. ed
Schriftenreihe:<El >libro de Bolsillo. Sección Humanidades
Schlagworte:
Tags: Tag hinzufügen
Keine Tags, Fügen Sie den ersten Tag hinzu!

MARC

LEADER 00000nam a2200000 a 4500
001 UCU9571
003 CL-VaPUC
008 960823e19840000SP |||||||||||||||||spa|d
082 0 4 |a 910.45  |b PRI  |2 21 
100 0 |a Prieto, Carlos  |e author  |9 368794 
245 1 3 |a El océano Pacífico: navegantes españoles del siglo XVI 
250 |a 2a. ed 
300 |a 198 p 
942 |c BK 
945 |d 19960823 00:00:00  |a nastorga 
260 |a Madrid  |b Alianza  |c 1984 
650 0 |a Historia  |9 255047 
650 7 |a DESCUBRIMIENTOS  |2 CL-VaPUC  |9 319676 
650 7 |a OCEANO  |2 CL-VaPUC  |9 261539 
650 7 |a EXPLORACION OCEANICA  |2 CL-VaPUC  |9 368795 
651 0 |a América  |9 255182 
651 7 |a OCEANO PACIFICO  |2 CL-VaPUC  |9 262019 
583 |a last modification  |c 19960823 00:00:00  |k Rodrigo Vera 
490 0 |a <El >libro de Bolsillo. Sección Humanidades 
999 |c 251286  |d 251284 
952 |0 0  |1 0  |4 0  |6 910_450000000000000_PRI_1984  |7 0  |8 P  |9 270343  |a BIBARQ  |b BIBARQ  |d 2019-11-19  |i 3222683  |o 910.45 PRI 1984  |p 3222683  |r 2025-01-20  |w 2019-11-19  |y BK  |k ARQ